00724nam a2200241 a 4500001001300000003000900013005001700022008004100039020002400080082001600104100002200120245003100142260004400173300000900217500003500226505001700261650001700278700002200295902000800317942000700325952013300332999001700465nice12345678IN_TiNIC20260116015059.0070913s2005 swea grp 000 0 eng  a9187748657 c100000a303.66bWHE aWheaton, Philip E aHope in the Midst of Chaos aSwedenbLife and Peace Institute c2005 a138p aincludes index and biblioraphy2 aBibliography aPeace-Making1 aWheaton, Philip E bSRS cBK 001040708StackRoom-aHMIbHMId2007-09-13g1000.00l1o303.66 WHEp11001936r2016-08-30s2016-08-29v1000.00w2007-09-13yBK c18228d18228